[Event "TUR-chT"]
[Site "Ankara"]
[Date "2024.07.24"]
[Round "13.36"]
[White "Gurel, Ediz"]
[Black "Gokcek, Kursat Bugra"]
[Result "1-0"]
[WhiteElo "2597"]
[BlackElo "2160"]
[PlyCount "57"]
[EventDate "2024.07.14"]
[EventType "team-tourn"]
[EventRounds "15"]
[EventCountry "TUR"]
[SourceTitle "EXT 2025"]
[Source "ChessBase"]
[SourceDate "2024.10.14"]
[SourceVersion "1"]
[SourceVersionDate "2024.10.14"]
[SourceQuality "1"]
[WhiteTeam "Turk Hava Yollari"]
[BlackTeam "Hufeder Fenerbahce"]
[WhiteTeamCountry "TUR"]
[BlackTeamCountry "TUR"]

1. e4 e5 2. Nf3 Nc6 3. Bc4 Nf6 4. Ng5 d5 5. exd5 b5 6. Bf1 Qxd5 7. Nc3 Qc5 8. Bxb5 Bg4 9. Nge4 Nxe4 10. Qxg4 Qxf2+ 11. Kd1 Nxc3+ 12. bxc3 Qc5 13. Qa4 Kd7 14. Rf1 f6 15. Ba3 Qd5 16. Qg4+ Kd8 17. Bxf8 Qxb5 18. c4 Qb2 19. Bxg7 Qxa1+ 20. Ke2 Nd4+ 21. Kf2 Qb2 22. Bxf6+ Ke8 23. Bxh8 Qxc2 24. Qg8+ Kd7 25. Qd5+ Ke7 26. Bf6+ Kxf6 27. Kg1+ Kg6 28. Qf7+ Kg5 29. Qf6+ 1-0

[Event "World School-ch U17"]
[Site "Rhodes"]
[Date "2023.04.21"]
[Round "8"]
[White "Tleukhanov, Yerlan"]
[Black "Gokcek, Kursat Bugra"]
[Result "0-1"]
[WhiteElo "1999"]
[BlackElo "2140"]
[PlyCount "88"]
[EventDate "2023.04.14"]
[EventType "swiss"]
[EventRounds "9"]
[EventCountry "GRE"]
[SourceTitle "EXT 2024"]
[Source "ChessBase"]
[SourceDate "2023.10.10"]
[SourceVersion "1"]
[SourceVersionDate "2023.10.10"]
[SourceQuality "1"]

1. e4 c5 2. Nc3 e6 3. Nf3 Nc6 4. d4 cxd4 5. Nxd4 Nf6 6. Ndb5 d6 7. Bf4 e5 8. Bg5 a6 9. Na3 b5 10. Nd5 Be7 11. Bxf6 Bxf6 12. c3 Ne7 13. Nxf6+ gxf6 14. Qd3 Bb7 15. Be2 f5 16. exf5 d5 17. Nc2 Qd6 18. a4 bxa4 19. Rxa4 Rg8 20. Ne3 Rd8 21. Rg4 Rxg4 22. Nxg4 h5 23. Ne3 d4 24. cxd4 exd4 25. Nc4 Qb4+ 26. Qd2 Qc5 27. Bd3 Bxg2 28. Rg1 Bd5 29. b3 Qc7 30. Qg5 Nc6 31. Qxh5 Kd7 32. Kf1 Nb4 33. f6 Re8 34. Bf5+ Kc6 35. Qd1 Qf4 36. Bg4 d3 37. Qd2 Nc2 38. Na5+ Kb6 39. Nc4+ Ka7 40. f3 Re1+ 41. Qxe1 Nxe1 42. Kxe1 Qxh2 43. f4 Qxg1+ 44. Kd2 Qxg4 0-1

[Event "TUR-ch U13/18"]
[Site "Antalya"]
[Date "2023.01.22"]
[Round "1"]
[White "Gokcek, Kursat Bugra"]
[Black "Uyumaz, Feyzullah"]
[Result "1-0"]
[WhiteElo "2116"]
[BlackElo "1283"]
[PlyCount "91"]
[EventDate "2023.01.17"]
[EventType "swiss"]
[EventRounds "10"]
[EventCountry "TUR"]
[SourceTitle "EXT 2024"]
[Source "ChessBase"]
[SourceDate "2023.10.10"]
[SourceVersion "1"]
[SourceVersionDate "2023.10.10"]
[SourceQuality "1"]

1. e4 e5 2. Nf3 Nc6 3. Bc4 Bc5 4. d3 h6 5. c3 d6 6. a4 a6 7. 0-0 Nf6 8. Na3 0-0 9. h3 Be6 10. Re1 Re8 11. Bxe6 fxe6 12. d4 exd4 13. cxd4 Ba7 14. Nc2 d5 15. e5 Ne4 16. b4 b5 17. axb5 axb5 18. Re3 Bb6 19. Rxa8 Qxa8 20. Ra3 Qd8 21. Qd3 Na7 22. Be3 Rf8 23. Rb3 Qe8 24. Nce1 Qh5 25. Nh2 Qf7 26. Rb2 Qe8 27. g4 Nc6 28. h4 Qe7 29. Ng2 Nxb4 30. Qxb5 Ra8 31. Qxb4 Ra1+ 32. Nf1 Qf7 33. Qb5 Qf3 34. Qe2 Qh3 35. g5 hxg5 36. hxg5 Nc3 37. Qd3 Ne4 38. Rb1 Nxg5 39. Nd2 Rxb1+ 40. Qxb1 Nf7 41. Qg6 Ba5 42. Nf4 Qh7 43. Qxh7+ Kxh7 44. Nxe6 c6 45. Nb3 Kg6 46. Nxa5 1-0

[Event "Mersin op 6th"]
[Site "Mersin"]
[Date "2022.09.05"]
[Round "2"]
[White "Gokcek, Kursat Bugra"]
[Black "Odeev, Handszar"]
[Result "0-1"]
[WhiteElo "2144"]
[BlackElo "2281"]
[PlyCount "50"]
[EventDate "2022.09.04"]
[EventType "swiss"]
[EventRounds "9"]
[EventCountry "TUR"]
[SourceTitle "CBM 210 Extra"]
[Source "ChessBase"]
[SourceDate "2022.11.30"]
[SourceVersion "1"]
[SourceVersionDate "2022.11.30"]
[SourceQuality "1"]

1. e4 g6 2. d4 Bg7 3. Nc3 d6 4. Be3 c6 5. Qd2 Nf6 6. f3 b5 7. 0-0-0 Nbd7 8. g4 Nb6 9. g5 Nfd7 10. b3 a5 11. Kb1 Qc7 12. Bxb5 cxb5 13. Nxb5 Qc6 14. a4 Ba6 15. d5 Qb7 16. Bd4 Rg8 17. Na3 Qc7 18. Ka2 Rb8 19. Rb1 Qc5 20. Bxc5 Nxc5 21. c4 e5 22. Nc2 f5 23. exf5 gxf5 24. b4 Ncxa4 25. c5 Bc4+ 0-1

[Event "Mersin op 6th"]
[Site "Mersin"]
[Date "2022.09.05"]
[Round "3"]
[White "Oliinyk, Serafym"]
[Black "Gokcek, Kursat Bugra"]
[Result "0-1"]
[WhiteElo "2006"]
[BlackElo "2144"]
[PlyCount "73"]
[EventDate "2022.09.04"]
[EventType "swiss"]
[EventRounds "9"]
[EventCountry "TUR"]
[SourceTitle "CBM 210 Extra"]
[Source "ChessBase"]
[SourceDate "2022.11.30"]
[SourceVersion "1"]
[SourceVersionDate "2022.11.30"]
[SourceQuality "1"]

1. e4 c5 2. Nf3 Nc6 3. d3 e6 4. g3 d6 5. Bg2 Nf6 6. 0-0 Be7 7. Re1 0-0 8. c3 Bd7 9. d4 cxd4 10. cxd4 d5 11. e5 Ne4 12. Nc3 Nxc3 13. bxc3 Na5 14. Rb1 Rc8 15. Qd3 a6 16. h4 h6 17. Bf4 Qc7 18. Bf1 Bb5 19. Qd1 Bxf1 20. Rxf1 Qc4 21. a4 Rb8 22. Kg2 Qxc3 23. Bd2 Qc7 24. Bxa5 Qxa5 25. Qb3 Rfc8 26. Rfc1 Rc7 27. Rxc7 Qxc7 28. Ne1 b5 29. axb5 Rxb5 30. Qd1 Rxb1 31. Qxb1 a5 32. Qb5 Qc3 33. Qe8+ Bf8 34. Nf3 Qc2 35. g4 a4 36. g5 a3 37. Qa8 0-1

[Event "Belgrade Gligoric Memorial"]
[Site "Belgrade"]
[Date "2022.07.17"]
[Round "1"]
[White "Gokcek, Kursat Bugra"]
[Black "Petrov, Nikita"]
[Result "0-1"]
[WhiteElo "2185"]
[BlackElo "2558"]
[PlyCount "58"]
[EventDate "2022.07.17"]
[EventType "swiss"]
[EventRounds "9"]
[EventCountry "SRB"]
[SourceTitle "CBM 209 Extra"]
[Source "ChessBase"]
[SourceDate "2022.09.30"]
[SourceVersion "1"]
[SourceVersionDate "2022.09.30"]
[SourceQuality "1"]

1. d4 Nf6 2. c4 e6 3. g3 Bb4+ 4. Nd2 d5 5. Bg2 a5 6. Ngf3 a4 7. 0-0 Nc6 8. cxd5 exd5 9. Nb1 Ne4 10. a3 Be7 11. Be3 Be6 12. Ne1 Qd7 13. f3 Nd6 14. Bf2 h5 15. Nd3 h4 16. Nc5 Qc8 17. Nxe6 Qxe6 18. Re1 hxg3 19. hxg3 Nf5 20. e4 dxe4 21. d5 e3 22. dxe6 exf2+ 23. Kf1 fxe1Q+ 24. Qxe1 Bc5 25. Qc3 Bd4 26. exf7+ Kf8 27. Qd3 Ne3+ 28. Kg1 Rd8 29. Nc3 Bb6 0-1

[Event "Paracin op-A 15th"]
[Site "Paracin"]
[Date "2022.07.09"]
[Round "3"]
[White "Tamhankar, Siddhant"]
[Black "Gokcek, Kursat Bugra"]
[Result "1-0"]
[WhiteElo "1811"]
[BlackElo "2185"]
[PlyCount "97"]
[EventDate "2022.07.08"]
[EventType "swiss"]
[EventRounds "9"]
[EventCountry "SRB"]
[SourceTitle "EXT 2023"]
[Source "ChessBase"]
[SourceDate "2022.10.05"]
[SourceVersion "1"]
[SourceVersionDate "2022.10.05"]
[SourceQuality "1"]

1. e4 c5 2. Nf3 e6 3. d4 cxd4 4. Nxd4 Nc6 5. Nc3 Qc7 6. Be3 a6 7. Qd2 Nf6 8. 0-0-0 Be7 9. f3 b5 10. Kb1 0-0 11. g4 Nxd4 12. Bxd4 Bb7 13. Bd3 b4 14. Na4 d5 15. Nb6 Rad8 16. e5 Ne4 17. Qe1 Nc5 18. Bxc5 Qxc5 19. Na4 Qa7 20. f4 Bc6 21. b3 Bxa4 22. bxa4 Rfe8 23. Qg3 Rb8 24. f5 Bg5 25. h4 Be3 26. Rhf1 Bd4 27. f6 g6 28. h5 g5 29. Bxh7+ Kxh7 30. Qd3+ Kg8 31. Qxd4 Qxd4 32. Rxd4 a5 33. Rf3 Rec8 34. Rb3 Rc4 35. Rxc4 dxc4 36. Re3 Rd8 37. Re4 c3 38. a3 bxa3 39. Ka2 Rd2 40. Kxa3 Rxc2 41. Kb3 Rd2 42. Kxc3 Rd5 43. Rd4 Rxe5 44. Rd8+ Kh7 45. Rf8 Re2 46. Rxf7+ Kg8 47. Rg7+ Kf8 48. h6 Re3+ 49. Kd2 1-0

[Event "Arandjelovac ASK-3 IM"]
[Site "Arandjelovac"]
[Date "2021.12.24"]
[Round "8"]
[White "Gokcek, Kursat Bugra"]
[Black "Pikula, Dejan"]
[Result "1/2-1/2"]
[WhiteElo "2221"]
[BlackElo "2351"]
[PlyCount "33"]
[EventDate "2021.12.19"]
[EventType "tourn"]
[EventRounds "9"]
[EventCountry "SRB"]
[SourceTitle "CBM 205 Extra"]
[Source "ChessBase"]
[SourceDate "2022.01.31"]
[SourceVersion "1"]
[SourceVersionDate "2022.01.31"]
[SourceQuality "1"]

1. d4 Nf6 2. Nf3 e6 3. Bg5 c5 4. e3 cxd4 5. exd4 Be7 6. Bd3 b6 7. 0-0 0-0 8. c3 Bb7 9. h3 d6 10. Re1 Re8 11. Nbd2 Nbd7 12. Ne4 Nxe4 13. Bxe4 Bxe4 14. Rxe4 Nf6 15. Re1 b5 16. Qd3 Qb6 17. Nd2 1/2-1/2

[Event "Arandjelovac ASK-3 IM"]
[Site "Arandjelovac"]
[Date "2021.12.23"]
[Round "7"]
[White "Zlatanovic, Boroljub"]
[Black "Gokcek, Kursat Bugra"]
[Result "1/2-1/2"]
[WhiteElo "2342"]
[BlackElo "2221"]
[PlyCount "121"]
[EventDate "2021.12.19"]
[EventType "tourn"]
[EventRounds "9"]
[EventCountry "SRB"]
[SourceTitle "CBM 205 Extra"]
[Source "ChessBase"]
[SourceDate "2022.01.31"]
[SourceVersion "1"]
[SourceVersionDate "2022.01.31"]
[SourceQuality "1"]

1. e4 c5 2. g3 d5 3. exd5 Qxd5 4. Nf3 Nc6 5. Nc3 Qe6+ 6. Qe2 Nf6 7. Nb5 Qxe2+ 8. Bxe2 Rb8 9. a4 a6 10. Na3 Nd5 11. Nc4 f6 12. c3 e5 13. a5 Be7 14. d3 0-0 15. Nfd2 Be6 16. 0-0 Rfd8 17. Re1 Rd7 18. Bf1 Re8 19. f4 Bf5 20. fxe5 fxe5 21. Ne4 Nf6 22. Nf2 Bf8 23. Ne3 Bg6 24. Bh3 Rdd8 25. Bf5 e4 26. dxe4 Ne5 27. Kg2 Bf7 28. Neg4 Nfxg4 29. Bxg4 Nxg4 30. Nxg4 Bg6 31. Nf2 c4 32. Bg5 Rc8 33. e5 Bf5 34. Bf4 Rc5 35. Ne4 Bxe4+ 36. Rxe4 g5 37. Bxg5 Rexe5 38. Rxe5 Rxe5 39. h4 Re2+ 40. Kf3 Rxb2 41. Ra4 Rb5 42. Ke4 Bg7 43. Rxc4 Rxa5 44. Rc8+ Kf7 45. Rc7+ Kg8 46. c4 Re5+ 47. Kd3 b5 48. c5 Rd5+ 49. Ke4 Re5+ 50. Kf3 b4 51. Bf4 Rd5 52. c6 b3 53. Rb7 b2 54. c7 Rc5 55. Bd6 Rc4 56. Ke2 a5 57. Kd3 Rc1 58. Ke4 a4 59. Ba3 Rxc7 60. Rb8+ Kf7 61. Bxb2 1/2-1/2

[Event "Arandjelovac ASK-3 IM"]
[Site "Arandjelovac"]
[Date "2021.12.19"]
[Round "1"]
[White "Gokcek, Kursat Bugra"]
[Black "Risteski, Emil"]
[Result "1/2-1/2"]
[WhiteElo "2221"]
[BlackElo "2337"]
[PlyCount "43"]
[EventDate "2021.12.19"]
[EventType "tourn"]
[EventRounds "9"]
[EventCountry "SRB"]
[SourceTitle "CBM 205 Extra"]
[Source "ChessBase"]
[SourceDate "2022.01.31"]
[SourceVersion "1"]
[SourceVersionDate "2022.01.31"]
[SourceQuality "1"]

1. d4 Nf6 2. c4 g6 3. g3 Bg7 4. Bg2 0-0 5. Nc3 d6 6. Nf3 Nc6 7. 0-0 e5 8. dxe5 dxe5 9. Bg5 h6 10. Qxd8 Rxd8 11. Bxf6 Bxf6 12. Nd5 Kg7 13. Nxc7 Rb8 14. e4 Be6 15. Nd5 Rd7 16. Rfd1 Be7 17. Nxe7 Rxe7 18. b3 a5 19. Rd2 a4 20. Rb1 axb3 21. axb3 b5 22. cxb5 1/2-1/2

[Event "Belgrade Serbia op"]
[Site "Belgrade"]
[Date "2021.07.04"]
[Round "4"]
[White "Gajcin, Marina"]
[Black "Gokcek, Kursat Bugra"]
[Result "0-1"]
[WhiteElo "2243"]
[BlackElo "2089"]
[PlyCount "140"]
[EventDate "2021.07.02"]
[EventType "swiss"]
[EventRounds "9"]
[EventCountry "SRB"]
[SourceTitle "CBM 203 Extra"]
[Source "ChessBase"]
[SourceDate "2021.09.30"]
[SourceVersion "1"]
[SourceVersionDate "2021.09.30"]
[SourceQuality "1"]

1. e4 c5 2. Nf3 e6 3. c4 Nc6 4. d4 cxd4 5. Nxd4 Nf6 6. Nc3 Bb4 7. Nxc6 bxc6 8. Bd3 e5 9. 0-0 0-0 10. Qf3 Be7 11. h3 d6 12. b3 Be6 13. Bb2 g6 14. Ne2 Nd7 15. Ng3 Nc5 16. Bc2 f6 17. Rad1 Qb6 18. Bc1 Rf7 19. Bh6 Qa5 20. Bb1 Bd7 21. Bd2 Qc7 22. Be3 Ne6 23. Ne2 Raf8 24. Qg3 Ng7 25. f4 f5 26. fxe5 dxe5 27. exf5 Bxf5 28. Bd4 Bf6 29. Bxf5 gxf5 30. Bc5 Be7 31. Qf2 f4 32. Nc3 Nf5 33. Ne4 Rg7 34. Rd3 Bxc5 35. Nxc5 Re8 36. Ne4 Rf8 37. Nc5 Qc8 38. Qe1 Ne3 39. Rxe3 fxe3 40. Rxf8+ Qxf8 41. Ne6 Qf2+ 42. Qxf2 exf2+ 43. Kxf2 Rd7 44. Ke3 Rd1 45. Nc5 Kf7 46. g4 h6 47. Nd3 Kf6 48. Nb4 Rh1 49. Nxc6 Rxh3+ 50. Ke4 Rh2 51. Nxa7 Rxa2 52. Nc6 Re2+ 53. Kd5 Rd2+ 54. Ke4 Re2+ 55. Kd5 Rd2+ 56. Ke4 Rd6 57. Nb4 Rd4+ 58. Kf3 Rf4+ 59. Kg3 Kg5 60. Nd5 Rxg4+ 61. Kf3 h5 62. c5 h4 63. c6 h3 64. c7 h2 65. c8Q h1Q+ 66. Ke2 Qg2+ 67. Kd3 Rd4+ 68. Ke3 Qd2+ 69. Kf3 Rd3+ 70. Ke4 Qe2+ 0-1

[Event "Belgrade Serbia op"]
[Site "Belgrade"]
[Date "2021.07.02"]
[Round "1"]
[White "Gokcek, Kursat Bugra"]
[Black "Samadov, Read"]
[Result "0-1"]
[WhiteElo "2089"]
[BlackElo "2332"]
[PlyCount "82"]
[EventDate "2021.07.02"]
[EventType "swiss"]
[EventRounds "9"]
[EventCountry "SRB"]
[SourceTitle "CBM 203 Extra"]
[Source "ChessBase"]
[SourceDate "2021.09.30"]
[SourceVersion "1"]
[SourceVersionDate "2021.09.30"]
[SourceQuality "1"]

1. d4 Nf6 2. Bf4 e6 3. e3 c5 4. c3 Nc6 5. Nd2 d5 6. Ngf3 Bd6 7. Bg3 0-0 8. Bd3 b6 9. Qe2 Bb7 10. Rd1 c4 11. Bc2 Ne7 12. Bh4 Ng6 13. Bxg6 hxg6 14. Ne5 Be7 15. f4 b5 16. Bxf6 gxf6 17. Nef3 Kg7 18. a3 a5 19. h4 Rh8 20. Kf2 b4 21. Ra1 Bc6 22. g4 bxc3 23. bxc3 Rb8 24. g5 Rb2 25. Rag1 Kf8 26. h5 Rxh5 27. Rxh5 gxh5 28. g6 fxg6 29. Rxg6 Be8 30. Rg1 Qd6 31. Ra1 Qb8 32. Kg3 Qb3 33. Rg1 Qxc3 34. Kh3 Bf7 35. Qg2 Qxe3 36. Qg7+ Ke8 37. Qh8+ Bf8 38. Rg8 Bxg8 39. Qxg8 Rxd2 40. Qg6+ Ke7 41. Qxh5 Rd3 0-1

[Event "Sivas op 1st"]
[Site "Sivas"]
[Date "2019.08.20"]
[Round "2"]
[White "Arman, Deniz"]
[Black "Gokcek, Kursat Bugra"]
[Result "1-0"]
[WhiteElo "2347"]
[BlackElo "2116"]
[PlyCount "67"]
[EventDate "2019.08.19"]
[EventType "swiss"]
[EventRounds "9"]
[EventCountry "TUR"]
[SourceTitle "EXT 2020"]
[Source "ChessBase"]
[SourceDate "2019.10.17"]
[SourceVersion "1"]
[SourceVersionDate "2019.10.17"]
[SourceQuality "1"]

1. d4 Nf6 2. Nc3 d5 3. Bf4 e6 4. Nb5 Na6 5. e3 c6 6. Nc3 Qa5 7. a3 c5 8. dxc5 Qxc5 9. Nf3 Qb6 10. Ne5 Bd7 11. Nxd7 Nxd7 12. Bb5 Rd8 13. Qd4 Qxd4 14. exd4 Nab8 15. 0-0-0 a6 16. Ba4 b5 17. Bb3 Rc8 18. Rhe1 Be7 19. Bxd5 Rxc3 20. bxc3 exd5 21. Bd6 Nc6 22. Rxe7+ Nxe7 23. Re1 0-0 24. Rxe7 Nf6 25. Ra7 Rc8 26. Rxa6 Ne4 27. Bb4 Nxf2 28. Rb6 Ng4 29. Rxb5 Nxh2 30. Rxd5 Ng4 31. a4 Ne3 32. Rc5 Rxc5 33. Bxc5 Nc4 34. d5 1-0

[Event "TUR-chT Clubs"]
[Site "Konya"]
[Date "2019.07.17"]
[Round "3.2"]
[White "Unlu, Alp Bugra"]
[Black "Gokcek, Kursat Bugra"]
[Result "0-1"]
[WhiteElo "1832"]
[BlackElo "2150"]
[PlyCount "76"]
[EventDate "2019.07.16"]
[EventType "team-swiss"]
[EventRounds "9"]
[EventCountry "TUR"]
[SourceTitle "CBM 191 Extra"]
[Source "ChessBase"]
[SourceDate "2019.09.30"]
[SourceVersion "1"]
[SourceVersionDate "2019.09.30"]
[SourceQuality "1"]
[WhiteTeam "Manisa Yunusembre"]
[BlackTeam "Duzce AS Genclik"]
[WhiteTeamCountry "TUR"]
[BlackTeamCountry "TUR"]

1. Nf3 Nf6 2. g3 g6 3. Bg2 Bg7 4. 0-0 0-0 5. d3 d5 6. Nbd2 c5 7. e4 e6 8. c3 Nc6 9. Re1 a5 10. a4 Kh8 11. Qc2 Bd7 12. Nf1 d4 13. Bf4 Qe7 14. Ne5 Nh5 15. Nxd7 Qxd7 16. Bc1 Rad8 17. c4 e5 18. Qe2 Nb4 19. b3 Nf6 20. h3 Qc7 21. g4 Ne8 22. Ng3 Qe7 23. Kh2 Nc7 24. f4 exf4 25. Bxf4 Ne6 26. Rf1 Nxf4 27. Rxf4 Be5 28. Rf3 f5 29. gxf5 Rxf5 30. Raf1 Rdf8 31. Rxf5 gxf5 32. Qh5 Qg7 33. Qh4 f4 34. Kh1 fxg3 35. Rf5 Nxd3 36. Qh5 Rxf5 37. exf5 Qe7 38. Bf3 Bf6 0-1

[Event "Ankara Baskent Univ op 4th"]
[Site "Ankara"]
[Date "2019.06.21"]
[Round "8"]
[White "Nikcevic, Nebojsa"]
[Black "Gokcek, Kursat Bugra"]
[Result "1-0"]
[WhiteElo "2420"]
[BlackElo "2127"]
[PlyCount "65"]
[EventDate "2019.06.17"]
[EventType "swiss"]
[EventRounds "9"]
[EventCountry "TUR"]
[SourceTitle "CBM 191 Extra"]
[Source "ChessBase"]
[SourceDate "2019.09.30"]
[SourceVersion "1"]
[SourceVersionDate "2019.09.30"]
[SourceQuality "1"]

1. Nf3 Nf6 2. c4 e6 3. g3 b6 4. Bg2 Ba6 5. b3 Bb7 6. Bb2 Be7 7. 0-0 0-0 8. Nc3 c5 9. d4 cxd4 10. Qxd4 Nc6 11. Qf4 a6 12. Rfd1 Qb8 13. Na4 Qa7 14. e4 d6 15. Nc3 Rad8 16. Rd2 Nd7 17. Qe3 Nde5 18. Ne1 h5 19. Nc2 Ng4 20. Qe2 Qb8 21. h3 Nf6 22. f4 e5 23. Nd5 h4 24. g4 exf4 25. Nxf6+ gxf6 26. Rf1 Rde8 27. Qf2 d5 28. exd5 Bc5 29. Nd4 Ne5 30. Qxf4 b5 31. Qxf6 Ng6 32. Kh1 Re1 33. Nc6 1-0

[Event "Ankara Baskent Univ op 4th"]
[Site "Ankara"]
[Date "2019.06.19"]
[Round "5"]
[White "Gokcek, Kursat Bugra"]
[Black "Saraci, Nderim"]
[Result "1/2-1/2"]
[WhiteElo "2127"]
[BlackElo "2377"]
[PlyCount "76"]
[EventDate "2019.06.17"]
[EventType "swiss"]
[EventRounds "9"]
[EventCountry "TUR"]
[SourceTitle "CBM 191 Extra"]
[Source "ChessBase"]
[SourceDate "2019.09.30"]
[SourceVersion "1"]
[SourceVersionDate "2019.09.30"]
[SourceQuality "1"]

1. d4 Nf6 2. Bf4 g6 3. e3 Bg7 4. Nf3 0-0 5. Be2 b6 6. h3 Bb7 7. 0-0 c5 8. c3 d5 9. Ne5 Nc6 10. Nd2 Nd7 11. Nxc6 Bxc6 12. Nf3 Re8 13. Bh2 Qc8 14. Rc1 Qb7 15. b4 c4 16. a4 a6 17. Rb1 b5 18. a5 f6 19. Rb2 Rad8 20. Ne1 e5 21. Nc2 e4 22. Qd2 Nf8 23. Ra1 Ne6 24. Kf1 Rf8 25. Ke1 f5 26. Kd1 g5 27. Kc1 Qf7 28. Rbb1 f4 29. Bg4 Bd7 30. Bxe6 Bxe6 31. Kb2 f3 32. g4 h5 33. Rh1 Qd7 34. Bg3 Kf7 35. Rh2 Rh8 36. Rah1 hxg4 37. h4 gxh4 38. Rxh4 Bf6 1/2-1/2

[Event "Ankara Baskent Univ op 4th"]
[Site "Ankara"]
[Date "2019.06.18"]
[Round "2"]
[White "Pacher, Milan"]
[Black "Gokcek, Kursat Bugra"]
[Result "1-0"]
[WhiteElo "2434"]
[BlackElo "2127"]
[PlyCount "99"]
[EventDate "2019.06.17"]
[EventType "swiss"]
[EventRounds "9"]
[EventCountry "TUR"]
[SourceTitle "CBM 191 Extra"]
[Source "ChessBase"]
[SourceDate "2019.09.30"]
[SourceVersion "1"]
[SourceVersionDate "2019.09.30"]
[SourceQuality "1"]

1. d4 Nf6 2. Bf4 g6 3. e3 Bg7 4. Nf3 d6 5. h3 0-0 6. Be2 c5 7. c3 Be6 8. Nbd2 Qb6 9. Qc1 Nc6 10. 0-0 cxd4 11. exd4 Bd5 12. Be3 Nd7 13. b3 Rac8 14. Qa3 Qc7 15. c4 Bxf3 16. Nxf3 e5 17. Rad1 e4 18. Ng5 Nf6 19. d5 Ne5 20. f4 exf3 21. Nxf3 Ne4 22. Nxe5 Bxe5 23. Bf3 Ng3 24. Rfe1 Bc3 25. Bd2 Bd4+ 26. Kh2 Bf2 27. Bh6 Nf5 28. Bxf8 Bg3+ 29. Kh1 Bf4 30. Qxa7 Rxf8 31. g4 Nh4 32. Qf2 g5 33. Be4 Qa5 34. c5 dxc5 35. d6 Rd8 36. Bxb7 Qc3 37. Bg2 Rxd6 38. Rxd6 Bxd6 39. Qe3 Qf6 40. Rf1 Bf4 41. Qxc5 Qb2 42. Qf2 Qc3 43. Qe1 Qc7 44. Bd5 Qc2 45. Qe8+ Kg7 46. Qxf7+ Kh6 47. Qf8+ Kg6 48. Bf7+ Kf6 49. Be8+ Ke5 50. Re1+ 1-0